| 000 | 00791nam a22002177a 4500 | ||
|---|---|---|---|
| 008 | 110413s2009 xxu|||||r|||| 001 0 eng d | ||
| 020 | _a0750685514 | ||
| 020 | _a9780750685511 | ||
| 082 |
_222 _a660 _bSIN |
||
| 100 |
_923001 _aSinnott, Ray |
||
| 245 |
_aChemical Engineering Design / _cRay Sinnott, Gavin Towler |
||
| 250 | _a5th ed. | ||
| 260 |
_aOxford : _bButterworth-Heinemann, 2009. _c2009 |
||
| 300 |
_a1255 p. : _bill. ; _c25 cm. |
||
| 504 | _aIncludes bibliographical references and index | ||
| 650 |
_921176 _aChemical engineering. |
||
| 653 |
_bChe _cApril2011 |
||
| 700 |
_923003 _aTowler, Gavin |
||
| 942 |
_2ddc _cBB |
||
| 999 |
_c15100 _d15100 |
||